00781nam a22001217a 4500008004100000100002100041245012300062260006200185300003600247520024100283650007400524773006100598220120b ||||| |||| 00| 0 eng d aTamuli, Mondira  aChanging structure of rural workforce and economic activities in Assam: Ensuring wellbeing or struggle for sustenance  aIASSI Quarterly: Contributions To Indian Social Science  a40(2), Apr-Jun, 2021: p.319-335 aAssam, situated in the North-Eastern region of India is fundamentally an agrarian economy where more than 70 per cent of the total work force depends an agriculture, providing more than 53 per cent of its total employment. - Reproduced  aAgriculture, Non-agriculture, Rural-labour market, employment, Assam  aIASSI Quarterly: Contributions To Indian Social Science